00225nam a2200085Ia 4500008004100000100002300041245003400064260003200098260000900130180219s9999 xx 000 0 und d aSaxena N R Swaroop 0aEducation In Emerging Society aVinay Rakheja R Lall Meerut c2014